000 00315nam a2200121Ia 4500
008 191201s2008 xx 000 0 und d
100 _aJAIN, Ashok Kumar
245 0 _aStrength of Materials and Structural Analysis
260 _aN. Delhi
_bNem Chand
_c2008
300 _a665
650 _aB.Tech(CE)
942 _2ddc
_cBK
999 _c6168
_d6168